| 000 -LEADER |
| fixed length control field |
00636nam a22001817a 4500 |
| 020 ## - INTERNATIONAL STANDARD BOOK NUMBER |
| ISBN |
9786210450781 |
| 082 ## - DEWEY DECIMAL CLASSIFICATION NUMBER |
| Classification number |
807 |
| Item number |
D6711 2024 |
| 100 ## - MAIN ENTRY--AUTHOR NAME |
| Personal name |
Domingo-Bondoc, Maureen, author. |
| 245 ## - TITLE STATEMENT |
| Title |
Teaching and assessment of literature studies / Maureen Domingo-Bondoc, Rodolfo Grefiel Reyes II. |
| 250 ## - EDITION STATEMENT |
| Edition statement |
First edition. |
| 260 ## - PUBLICATION, DISTRIBUTION, ETC. (IMPRINT) |
| Place of publication |
Manila : |
| Name of publisher |
Rex Book Store, |
| Year of publication |
©2024. |
| 300 ## - PHYSICAL DESCRIPTION |
| Number of Pages |
xiv, 198 pages : |
| Other physical details |
illustrations ; 26 cm |
| 500 ## - GENERAL NOTE |
| General note |
Includes bibliographical references and index. |
| 650 ## - SUBJECT ADDED ENTRY--TOPICAL TERM |
| Topical Term |
Literature -- Study and teaching. |
| 650 ## - SUBJECT ADDED ENTRY--TOPICAL TERM |
| Topical Term |
Literature -- Evaluation. |
| 700 ## - ADDED ENTRY--PERSONAL NAME |
| Personal name |
Reyes, Rodolfo Grefiel, II. |
| 942 ## - ADDED ENTRY ELEMENTS (KOHA) |
| Koha item type |
Books |